| 000 | 00859cab a22002295a 4500 | ||
|---|---|---|---|
| 001 | L159864 | ||
| 008 | 150113e2017 xxk 000 0 eng d | ||
| 035 | _a(Sirsi) u159864 | ||
| 041 | 0 | _aeng | |
| 050 | _a692.3 $2 18 | ||
| 100 | 1 | _aAronsohn | |
| 245 | 0 | 0 |
_aGo compare _h[electronic resource] |
| 260 |
_aLondon _bRICS _c2017 |
||
| 490 |
_aRICS Building Surveying Journal _vMay - June 2017, 14(1) |
||
| 520 | _aIPMS and ICMS can work together to improve comparability between projects, explains Alexander Aronsohn. | ||
| 650 | 2 | 4 | _aINTERNATIONAL PROPERTY MEASUREMENT STANDARDS |
| 650 | 2 | 4 | _aINTERNATIONAL CONSTRUCTION MEASUREMENT STANDARDS |
| 651 | 4 |
_aUnited Kingdom _y |
|
| 690 |
_aMeasurement _96256 |
||
| 856 | 4 | 0 |
_uhttps://issuu.com/ricsmodus/docs/building_surveying_journal_may_june_e51321e7dff376 _yAvailable free online via Issuu |
| 942 |
_n0 _2ddc |
||
| 999 |
_c85027 _d85027 |
||